000 00559nam a22001937a 4500
005 20251108172203.0
008 250721s1996 xx 000 0 ara d
082 1 4 _a946/حتا
100 1 _aحتاملة، محمد عبده
_eمؤلف
245 1 0 _aإيبيريا قبل مجيء العرب المسلمين /
264 1 _aعمان :
_c1996.
300 _a396ص
650 1 7 _aإسبانيا
650 1 7 _aتاريخ إسبانيا
650 1 7 _aالبرتغال
650 1 7 _aدول البحر المتوسط
942 _2ddc
_cBK
999 _c72646
_d72646